| 000 | 00837nam a22001937a 4500 | ||
|---|---|---|---|
| 999 |
_c13046 _d13046 |
||
| 003 | AR-CdUCM | ||
| 008 | 190411b ||||| |||| 00| 0 spa d | ||
| 040 |
_aMUNICIPALIDAD PROVINCIAL DEL CUSCO _cBIBLIOTECA MUNICIPAL DEL CUSCO |
||
| 082 |
_a318.5 / _bES79 / 1964 |
||
| 110 |
_aMinisterio de agricultura _931229 |
||
| 245 |
_aEstadística agraria 1963 : _bproducción agropecuaria y forestal, extracción de productos silvestres, pesca y caza de cetáceos / |
||
| 260 |
_aLima : _c1964. |
||
| 300 |
_a179 páginas ; _c24 cm. |
||
| 505 | _aContenido: Producción agrícola por cultivos -- Producción agrícola por regiones y departamentos -- Población ganadera y avicola -- Producción pecuaria y avicola... | ||
| 650 |
_aProduccion _91785 |
||
| 710 |
_aUniversidad agraria _931230 |
||
| 942 |
_2ddc _cLIBROS |
||
| 945 |
_adavv _d10/04/2019 |
||